Guia per a l'adequació de les aigües residuals en la petita i mitjana empresa
Descripción Física:
70 p. ; 24 cm
Otros Autores:
Sociedad de explotación de aguas residuales I
MARC
| LEADER | 00000nam a2200000Ia 4500 | ||
|---|---|---|---|
| 001 | 24193 | ||
| 008 | 160829s9999 xx 000 0 cat d | ||
| 080 | |a Bib-189 | ||
| 245 | |a Guia per a l'adequació de les aigües residuals en la petita i mitjana empresa | ||
| 260 | |a [Granollers] : |b Consorci per a la Defensa de la Conca del Riu Besòs, DL 1998 | ||
| 300 | |a 70 p. ; |c 24 cm | ||
| 590 | |a En la contracoberta: amb la col·laboració de Diputació de Barcelona, Fons Social Europeu, SEARSA (Sociedad de explotación de aguas residuales) | ||
| 650 | 0 | |a Aigües residuals |x Depuració |9 42011 | |
| 651 | 0 | |a Besòs (Catalunya : Curs d'aigua) |x Condicions mediambientals |9 54299 | |
| 700 | |a Sociedad de explotación de aguas residuales I |9 49862 | ||
| 710 | 1 | |a Consorci per a la Defensa de la Conca del Besòs |9 52684 | |
| 710 | 1 | |a Barcelona (Catalunya : Província). |b Diputació |9 52408 | |
| 710 | 2 | |a Fons Social Europeu |9 7014 | |
| 901 | |a Arxiu | ||
| 942 | |n 1 | ||
| 952 | |0 0 |1 0 |4 0 |6 BIB189 |7 1 |9 55643 |a Arxiu |b Arxiu |d 2016-12-01 |l 0 |o Bib-189 |p 24193 |r 2016-12-01 00:00:00 |w 2016-12-01 |y ARXIU | ||
| 999 | |c 59516 |d 59516 | ||